Šklbanie zlatého rúna ekonomiky
Legislatívne bariéry v oblasti malého a stredného podnikania - názor predstaviteľov Únie živnostníkov, podnikateľov a roľníkov (ÚŽPR), Slovenského živnostenského zväzu, Združenia podnikateľov Slovenska na stretnutí v Diskusnom klube Centra pre ekonomické a sociálne analýzy.
Enregistré dans:
| Format: | Chapitre de livre |
|---|---|
| Langue: | slovaque |
| Sujets: | |
| Tags: |
Pas de tags, Soyez le premier à ajouter un tag!
|
MARC
| LEADER | 00000naa a2200000 4500 | ||
|---|---|---|---|
| 001 | r025230 | ||
| 005 | 20251104123642.7 | ||
| 041 | 0 | |a slo | |
| 044 | |a SK | ||
| 245 | 1 | 0 | |a Šklbanie zlatého rúna ekonomiky |
| 520 | |a Legislatívne bariéry v oblasti malého a stredného podnikania - názor predstaviteľov Únie živnostníkov, podnikateľov a roľníkov (ÚŽPR), Slovenského živnostenského zväzu, Združenia podnikateľov Slovenska na stretnutí v Diskusnom klube Centra pre ekonomické a sociálne analýzy. | ||
| 610 | 2 | 0 | |a bariéry legislatívne |
| 610 | 2 | 0 | |a podnikanie drobné |
| 610 | 2 | 0 | |a združenia |
| 610 | 2 | 0 | |a Centrum pre ekonomické a sociálne analýzy |